Democracia Electoral y consenso Social en Nicaragua /

محفوظ في:
التفاصيل البيبلوغرافية
المؤلف الرئيسي: Pérez Baltodano, Andrés
التنسيق: نص
الموضوعات:
الوسوم: إضافة وسم
لا توجد وسوم, كن أول من يضع وسما على هذه التسجيلة!

MARC

LEADER 00000 a a2200000 04500
001 46247
003
040
090 |a REV1052 (8) 1996  
100 |a Pérez Baltodano, Andrés  
245 |a Democracia Electoral y consenso Social en Nicaragua /  |c Andrés Pérez Baltodano  
650 |a ESTABILIDAD POLITICA  
650 |a DEMOCRACIA  
650 |a DESARROLLO POLITICO  
650 |a CONFLICTOS POLITICOS  
650 |a NICARAGUA  
773 |g número8 (1996), Páginas 28-39.  
999 |c 23886  |d 23886